[Event "4. Open Municipio de Sanxenxo"]
[Site "Sanxenxo ESP"]
[Date "2007.06.21"]
[Round "6.5"]
[White "De La Villa Garcia, Jesus M"]
[Black "Vonthron, Horst"]
[Result "1/2-1/2"]
[WhiteElo "2457"]
[BlackElo "2305"]
[PlyCount "68"]
[EventDate "2007.06.16"]
[EventType "swiss"]
[EventRounds "9"]
[EventCountry "ESP"]
[Source "lmi"]
[SourceDate "2007.06.16"]

1. e4 c5 2. Nf3 d6 3. d4 cxd4 4. Nxd4 Nf6 5. Nc3 a6 6. Be3 e5 7. Nb3 Be6 8. Qd2
Nbd7 9. O-O-O Be7 10. f4 Ng4 11. Kb1 Nxe3 12. Qxe3 exf4 13. Qxf4 O-O 14. Nd4
Rc8 15. Qg3 Qa5 16. Nxe6 fxe6 17. Be2 Ne5 18. Qh3 Rxc3 19. Qxe6+ Nf7 20. bxc3
Bf6 21. e5 Bxe5 22. Rd3 Bxc3 23. Rf1 Be5 24. Qb3 Qc7 25. Bf3 Kh8 26. Bd5 Bf6
27. Bxf7 Rxf7 28. a3 h6 29. Ka2 Re7 30. Rfd1 Re2 31. R3d2 Re5 32. Rd5 Re2 33.
R5d2 Re5 34. Rd5 Re2 1/2-1/2

[Event "4. Open Municipio de Sanxenxo"]
[Site "Sanxenxo ESP"]
[Date "2007.06.21"]
[Round "6.6"]
[White "Aloma Vidal, Robert"]
[Black "Reinaldo Castineira, Roi"]
[Result "0-1"]
[WhiteElo "2321"]
[BlackElo "2452"]
[PlyCount "82"]
[EventDate "2007.06.16"]
[EventType "swiss"]
[EventRounds "9"]
[EventCountry "ESP"]
[Source "lmi"]
[SourceDate "2007.06.16"]

1. d4 e6 2. Nf3 c5 3. e3 Nf6 4. Bd3 Nc6 5. O-O d5 6. b3 Bd6 7. Bb2 Qc7 8. c4
cxd4 9. exd4 O-O 10. Nc3 Bf4 11. Qe2 Rd8 12. Rad1 b6 13. Nb5 Qb8 14. Ne5 Bb7
15. Rfe1 a6 16. Na3 Qc7 17. Qf3 dxc4 18. Bxh7+ Nxh7 19. Qxf4 c3 20. Ba1 b5 21.
Qe3 Nf6 22. Nc2 b4 23. Qg3 a5 24. h4 Rd5 25. a3 Nxe5 26. dxe5 Ne4 27. Qf4 Rxd1
28. Rxd1 a4 29. Nd4 axb3 30. Nxb3 Rxa3 31. Nd4 c2 32. Re1 Ra2 33. h5 Qc4 34.
Qe3 Qd5 35. f3 Ng3 36. Kh2 Nxh5 37. Rc1 Ra3 38. Qg5 Rxa1 39. Rxa1 Qxd4 40. Qxh5
Qf4+ 41. g3 Qh6 0-1

[Event "4. Open Municipio de Sanxenxo"]
[Site "Sanxenxo ESP"]
[Date "2007.06.21"]
[Round "6.7"]
[White "Vila Gazquez, Xavier"]
[Black "Perez Fungueiro, Manuel A"]
[Result "0-1"]
[WhiteElo "2415"]
[BlackElo "2226"]
[PlyCount "130"]
[EventDate "2007.06.16"]
[EventType "swiss"]
[EventRounds "9"]
[EventCountry "ESP"]
[Source "lmi"]
[SourceDate "2007.06.16"]

1. e4 c5 2. Nf3 Nc6 3. d4 cxd4 4. Nxd4 g6 5. c4 Nf6 6. Nc3 d6 7. Be2 Nxd4 8.
Qxd4 Bg7 9. Be3 O-O 10. Qd2 Be6 11. Rc1 Qa5 12. f3 Rfc8 13. b3 a6 14. Nd5 Qxd2+
15. Kxd2 Nxd5 16. exd5 Bd7 17. h4 e6 18. dxe6 Bxe6 19. f4 d5 20. c5 Bb2 21. Rc2
d4 22. Rxb2 dxe3+ 23. Kxe3 Rxc5 24. Bf3 Re8 25. Kf2 b6 26. Rd1 a5 27. Rd6 b5
28. Ra6 b4 29. Rd2 h5 30. Kg3 Kg7 31. Rdd6 Rec8 32. Be4 Bf5 33. Bd5 Bd3 34. Rd7
R8c7 35. Rd8 Bb1 36. Bc4 Bxa2 37. Kf2 Bb1 38. Ke3 Re7+ 39. Kf2 Be4 40. Rdd6 Bf5
41. Rd5 Rxd5 42. Bxd5 Be6 43. Rxa5 Bxd5 44. Rxd5 Rb7 45. Ke3 Rc7 46. Kd2 Rc3
47. Rd3 Rc7 48. Ke3 Kf6 49. Ke4 Re7+ 50. Kf3 Rc7 51. Ke3 Kf5 52. Kf3 Rc5 53. g3
f6 54. Re3 Rd5 55. Re4 Rd3+ 56. Re3 Rd2 57. Re4 Rd3+ 58. Re3 Rd2 59. Re7 Rd3+
60. Re3 Rxe3+ 61. Kxe3 Kg4 62. Kf2 Kh3 63. f5 gxf5 64. Kf3 Kh2 65. Kf2 f4 0-1

[Event "4. Open Municipio de Sanxenxo"]
[Site "Sanxenxo ESP"]
[Date "2007.06.21"]
[Round "6.8"]
[White "Recuero Guerra, David"]
[Black "Cruz Alvarez De Ron, Dan"]
[Result "1-0"]
[WhiteElo "2372"]
[BlackElo "2194"]
[PlyCount "59"]
[EventDate "2007.06.16"]
[EventType "swiss"]
[EventRounds "9"]
[EventCountry "ESP"]
[Source "lmi"]
[SourceDate "2007.06.16"]

1. e4 e6 2. d4 d5 3. Nc3 Bb4 4. e5 b6 5. Qg4 Bf8 6. Bg5 Qd7 7. Nge2 c5 8. dxc5
bxc5 9. O-O-O Nc6 10. f4 h6 11. Bh4 g5 12. fxg5 Nxe5 13. Qh5 Ng6 14. Bg3 hxg5
15. Qf3 Bb7 16. Nb5 Rc8 17. Nxa7 g4 18. Qf2 Ra8 19. Nd4 Bh6+ 20. Kb1 Kf8 21.
Bb5 Qe7 22. Ndc6 Qg5 23. Rhf1 Rh7 24. Qxc5+ Kg7 25. Na5 Qe3 26. Qc7 Bf4 27.
Bxf4 Nxf4 28. Rxf4 Nh6 29. N7c6 Bxc6 30. Nxc6 1-0

[Event "4. Open Municipio de Sanxenxo"]
[Site "Sanxenxo ESP"]
[Date "2007.06.21"]
[Round "6.9"]
[White "Wintzer, Joachim"]
[Black "Sanchez Juncal, Benito"]
[Result "1-0"]
[WhiteElo "2351"]
[BlackElo "2224"]
[PlyCount "121"]
[EventDate "2007.06.16"]
[EventType "swiss"]
[EventRounds "9"]
[EventCountry "ESP"]
[Source "lmi"]
[SourceDate "2007.06.16"]

1. c4 e6 2. Nc3 d5 3. d4 Nf6 4. cxd5 exd5 5. Bg5 Be7 6. e3 c6 7. Bd3 Nbd7 8.
Qc2 Nf8 9. Nge2 Ne6 10. Bh4 Nh5 11. Bxe7 Qxe7 12. O-O-O g6 13. g4 Nf6 14. h3
Ng5 15. Kb1 Nf3 16. Ng3 Bd7 17. Qe2 Ng5 18. f3 O-O-O 19. Rde1 Ne6 20. h4 Ne8
21. Rc1 Kb8 22. Qf2 Nd6 23. Nge2 Ng7 24. Rce1 Ka8 25. Nf4 f5 26. g5 Ne6 27.
Nxe6 Bxe6 28. Ne2 Bf7 29. Nf4 Rhe8 30. Re2 Rd7 31. Rc1 Qd8 32. Rc3 Rde7 33. Re1
Qb6 34. Bf1 a6 35. Ng2 Nc4 36. Rec1 f4 37. e4 Nd6 38. Rb3 Qa7 39. e5 Rxe5 40.
Nxf4 Nf5 41. Nd3 Nxd4 42. Rb4 Re3 43. Nc5 Nb5 44. a4 d4 45. axb5 axb5 46. b3 b6
47. Ne4 Bxb3 48. Qb2 Bd5 49. Nf6 Be6 50. Bd3 Rxd3 51. Nxe8 Bf5 52. Nd6 Rb3+ 53.
Nxf5 Rxb2+ 54. Rxb2 Qd7 55. Ng3 c5 56. Ne4 b4 57. Nxc5 Qb5 58. Ra2+ Kb8 59.
Na6+ Kb7 60. Rc7+ Ka8 61. Nc5+ 1-0

[Event "4. Open Municipio de Sanxenxo"]
[Site "Sanxenxo ESP"]
[Date "2007.06.21"]
[Round "6.10"]
[White "Barral Rubirosa, Cristobal"]
[Black "Aguera Naredo, Javier"]
[Result "0-1"]
[WhiteElo "1988"]
[BlackElo "2365"]
[PlyCount "64"]
[EventDate "2007.06.16"]
[EventType "swiss"]
[EventRounds "9"]
[EventCountry "ESP"]
[Source "lmi"]
[SourceDate "2007.06.16"]

1. d4 Nf6 2. Nf3 d6 3. c4 Nbd7 4. Nc3 e5 5. e4 g6 6. d5 Bg7 7. Be2 O-O 8. O-O
Nc5 9. Qc2 a5 10. Bg5 h6 11. Be3 b6 12. Nd2 Ng4 13. Bxg4 Bxg4 14. f3 Bd7 15. b3
f5 16. a3 f4 17. Bf2 Na6 18. Rad1 g5 19. b4 h5 20. c5 axb4 21. axb4 bxc5 22.
bxc5 g4 23. cxd6 Qg5 24. Kh1 g3 25. Bg1 h4 26. dxc7 h3 27. Nc4 Qh4 28. Rf2 gxf2
29. Bxf2 Qg5 30. gxh3 Bxh3 31. Rg1 Qh5 32. Nxe5 Qxe5 0-1

[Event "4. Open Municipio de Sanxenxo"]
[Site "Sanxenxo ESP"]
[Date "2007.06.22"]
[Round "7.1"]
[White "Lariño Nieto, David"]
[Black "Graf, Alexander"]
[Result "0-1"]
[WhiteElo "2404"]
[BlackElo "2620"]
[PlyCount "56"]
[EventDate "2007.06.16"]
[EventType "swiss"]
[EventRounds "9"]
[EventCountry "ESP"]
[Source "lmi"]
[SourceDate "2007.06.16"]

1. e4 e5 2. Nf3 Nc6 3. Bb5 a6 4. Bxc6 dxc6 5. O-O Qf6 6. d4 exd4 7. Bg5 Qd6 8.
Qd2 c5 9. Bf4 Qd8 10. c3 Bg4 11. Ne5 Be6 12. Na3 Nf6 13. Rfd1 Nh5 14. Bg5 f6
15. Qe2 g6 16. Bh4 Nf4 17. Qf3 g5 18. Nec4 Bh6 19. Bg3 g4 20. Qxf4 Bxf4 21.
Bxf4 Qd7 22. cxd4 cxd4 23. Rac1 O-O 24. Na5 c5 25. Rxc5 Rac8 26. Rh5 Bxa2 27.
b3 b6 28. e5 bxa5 0-1

[Event "4. Open Municipio de Sanxenxo"]
[Site "Sanxenxo ESP"]
[Date "2007.06.22"]
[Round "7.2"]
[White "Gashimov, Vugar"]
[Black "Recuero Guerra, David"]
[Result "1-0"]
[WhiteElo "2644"]
[BlackElo "2372"]
[PlyCount "65"]
[EventDate "2007.06.16"]
[EventType "swiss"]
[EventRounds "9"]
[EventCountry "ESP"]
[Source "lmi"]
[SourceDate "2007.06.16"]

1. c4 e5 2. g3 Nf6 3. Bg2 c6 4. a3 d5 5. cxd5 cxd5 6. d4 e4 7. Nc3 h6 8. Nh3
Nc6 9. O-O Be7 10. Bf4 O-O 11. Be5 Ng4 12. Qb3 Ngxe5 13. dxe5 Nxe5 14. Nxd5 Bc5
15. Rad1 Bxh3 16. Bxh3 Qg5 17. Qc2 Nd3 18. exd3 Qxd5 19. dxe4 Qh5 20. Kg2 Rad8
21. Bd7 Bb6 22. Rd5 Qg6 23. Rfd1 Qf6 24. h4 Kh8 25. e5 Qe7 26. h5 Rg8 27. f4 g6
28. Rd6 gxh5 29. Rxh6+ Kg7 30. Rh7+ Kf8 31. e6 Rg7 32. Rh8+ Rg8 33. Qh7 1-0

[Event "4. Open Municipio de Sanxenxo"]
[Site "Sanxenxo ESP"]
[Date "2007.06.22"]
[Round "7.3"]
[White "Giorgadze, Giorgi"]
[Black "Wintzer, Joachim"]
[Result "1/2-1/2"]
[WhiteElo "2610"]
[BlackElo "2351"]
[PlyCount "62"]
[EventDate "2007.06.16"]
[EventType "swiss"]
[EventRounds "9"]
[EventCountry "ESP"]
[Source "lmi"]
[SourceDate "2007.06.16"]

1. d4 e6 2. Nf3 Nf6 3. e3 b6 4. Bd3 Bb7 5. O-O d5 6. c4 Bd6 7. cxd5 exd5 8. b4
O-O 9. Qb3 a6 10. a4 c6 11. Nc3 Qe7 12. Rb1 Nbd7 13. a5 b5 14. Nd2 h6 15. e4
dxe4 16. Ndxe4 Nxe4 17. Nxe4 Nf6 18. Re1 Bc8 19. Bd2 Be6 20. Qc2 Nxe4 21. Bxe4
Rac8 22. g3 Qd7 23. Rbc1 Qa7 24. Qd3 Bd5 25. Re3 Rc7 26. Rce1 Re7 27. Qc3 Qd7
28. Bxd5 cxd5 29. Rxe7 Bxe7 30. Qc1 Qf5 31. Be3 Qd3 1/2-1/2

[Event "4. Open Municipio de Sanxenxo"]
[Site "Sanxenxo ESP"]
[Date "2007.06.22"]
[Round "7.4"]
[White "Reinaldo Castineira, Roi"]
[Black "Malakhatko, Vadim"]
[Result "1/2-1/2"]
[WhiteElo "2452"]
[BlackElo "2598"]
[PlyCount "62"]
[EventDate "2007.06.16"]
[EventType "swiss"]
[EventRounds "9"]
[EventCountry "ESP"]
[Source "lmi"]
[SourceDate "2007.06.16"]

1. e4 e6 2. d4 d5 3. e5 c5 4. c3 Qb6 5. Nf3 Nc6 6. a3 Nh6 7. b4 cxd4 8. cxd4
Nf5 9. Bb2 Bd7 10. Bd3 Ncxd4 11. Nxd4 Nxd4 12. Nc3 Nc6 13. Na4 Qd8 14. O-O b6
15. Rc1 g6 16. Nc3 Bg7 17. Nxd5 exd5 18. e6 Bxb2 19. exd7+ Kf8 20. Rxc6 Qxd7
21. Qc2 Be5 22. f4 Bd4+ 23. Kh1 Kg7 24. Rc7 Qd8 25. Ba6 Re8 26. Qc6 Qf6 27.
Qxd5 Rad8 28. Qb7 Rb8 29. Qd5 Rbd8 30. Qb7 Rb8 31. Qd5 Rbd8 1/2-1/2

[Event "4. Open Municipio de Sanxenxo"]
[Site "Sanxenxo ESP"]
[Date "2007.06.22"]
[Round "7.5"]
[White "Wippermann, Till"]
[Black "Caselas Cabanas, Jacobo"]
[Result "1/2-1/2"]
[WhiteElo "2422"]
[BlackElo "2423"]
[PlyCount "157"]
[EventDate "2007.06.16"]
[EventType "swiss"]
[EventRounds "9"]
[EventCountry "ESP"]
[Source "lmi"]
[SourceDate "2007.06.16"]

1. e4 e6 2. d4 d5 3. Nc3 Nf6 4. Bg5 Bb4 5. e5 h6 6. Bd2 Bxc3 7. Bxc3 Ne4 8. Bb4
c5 9. Bxc5 Nxc5 10. dxc5 Qa5+ 11. c3 Qxc5 12. Qg4 O-O 13. Bd3 Bd7 14. Qd4 Qc7
15. Nf3 Nc6 16. Qe3 f6 17. exf6 Rxf6 18. O-O e5 19. Bb5 e4 20. Bxc6 bxc6 21.
Nd4 Re8 22. b4 Kh7 23. f3 exf3 24. Qd3+ Kg8 25. Rxf3 Rxf3 26. Qxf3 Qe5 27. Rf1
Qe3+ 28. Qxe3 Rxe3 29. Rf3 Re1+ 30. Rf1 Re3 31. Rc1 Rd3 32. Nf3 Re3 33. Kf2 Re4
34. Re1 Rxe1 35. Kxe1 Kf7 36. Kd2 Ke7 37. Ke3 Kd6 38. Kd4 Bg4 39. Ne5 Be2 40.
Ng6 Bg4 41. a3 Bf5 42. Ne5 Be6 43. Nd3 Bd7 44. Nf2 Bf5 45. Nd1 Bg4 46. Ne3 Be6
47. g3 Bc8 48. c4 dxc4 49. Nxc4+ Kc7 50. Kc5 Bh3 51. Nd6 Kd7 52. Nf7 Kc7 53.
Ne5 Bg2 54. Ng6 Bh3 55. Nf4 Bg4 56. h4 g5 57. hxg5 hxg5 58. Nd3 Bf3 59. Ne5 g4
60. a4 Kb7 61. Kd6 a5 62. bxa5 Ka6 63. Nxc6 Bd1 64. Kd5 Bb3+ 65. Kd4 Bxa4 66.
Kc5 Bb5 67. Nd4 Bf1 68. Kb4 Bd3 69. Ne6 Be2 70. Nc5+ Ka7 71. Kc3 Bf3 72. Kd4
Be2 73. Ke3 Bf3 74. Kf4 Bd1 75. Ne4 Ka6 76. Nf2 Be2 77. Nxg4 Kxa5 78. Ne5 Bh5
79. g4 1/2-1/2

[Event "4. Open Municipio de Sanxenxo"]
[Site "Sanxenxo ESP"]
[Date "2007.06.22"]
[Round "7.6"]
[White "Perez Fungueiro, Manuel A"]
[Black "De La Villa Garcia, Jesus M"]
[Result "1-0"]
[WhiteElo "2226"]
[BlackElo "2457"]
[PlyCount "86"]
[EventDate "2007.06.16"]
[EventType "swiss"]
[EventRounds "9"]
[EventCountry "ESP"]
[Source "lmi"]
[SourceDate "2007.06.16"]

1. c4 e5 2. g3 Nf6 3. Bg2 c6 4. d4 e4 5. d5 Bb4+ 6. Bd2 Qe7 7. Nc3 O-O 8. Nh3
cxd5 9. cxd5 d6 10. O-O Bf5 11. f3 Na6 12. g4 Bg6 13. g5 Nd7 14. Nxe4 Bxe4 15.
fxe4 Bxd2 16. Qxd2 Nac5 17. Rf4 a5 18. Raf1 b5 19. Rg4 Ne5 20. Rg3 Nc4 21. Qf4
Qe5 22. Qh4 Qxb2 23. Nf2 Nd7 24. Ng4 Nce5 25. Rh3 Rfc8 26. Qxh7+ Kf8 27. g6 Ke7
28. Ne3 fxg6 29. Qxg7+ Kd8 30. Rh7 Kc7 31. Kh1 Qxe2 32. Rh3 Rf8 33. Rc1+ Kb7
34. Qe7 Rac8 35. Rb1 Rc3 36. Qxd6 Rfc8 37. Bf1 Rc1 38. Rxc1 Rxc1 39. Kg1 Qd2
40. Nc4 bxc4 41. Rb3+ cxb3 42. Qa6+ Kb8 43. Qb5+ Kc7 1-0

[Event "4. Open Municipio de Sanxenxo"]
[Site "Sanxenxo ESP"]
[Date "2007.06.22"]
[Round "7.7"]
[White "Aguera Naredo, Javier"]
[Black "Vonthron, Horst"]
[Result "0-1"]
[WhiteElo "2365"]
[BlackElo "2305"]
[PlyCount "138"]
[EventDate "2007.06.16"]
[EventType "swiss"]
[EventRounds "9"]
[EventCountry "ESP"]
[Source "lmi"]
[SourceDate "2007.06.16"]

1. e4 c5 2. Nf3 d6 3. d4 cxd4 4. Nxd4 Nf6 5. Nc3 a6 6. Be3 e5 7. Nb3 Be6 8. Qd2
Nbd7 9. f3 Nb6 10. O-O-O Rc8 11. g4 Be7 12. h4 O-O 13. h5 Nfd7 14. g5 f5 15.
gxf6 Nxf6 16. Na5 Qc7 17. Bh3 Bxh3 18. Rxh3 Kh8 19. Kb1 Nbd7 20. Nb3 b5 21. Nc1
b4 22. N3e2 Nb6 23. Bxb6 Qxb6 24. Ng3 d5 25. Nf5 Qe6 26. Qg5 Rf7 27. Qg6 dxe4
28. fxe4 Qc4 29. Ne3 Qe6 30. Rh2 Bf8 31. Nd3 Rfc7 32. Rdh1 Qb6 33. Nf5 Qc6 34.
Nxe5 Qxe4 35. Nf7+ Rxf7 36. Qxf7 Qxf5 37. Rd2 h6 38. Qg6 Qe5 39. Qf7 Re8 40.
Qc4 a5 41. Qc6 Bc5 42. Rhd1 Kh7 43. Qb5 Qxh5 44. Qxa5 Re5 45. Qc7 Be3 46. Rd3
Bf4 47. Qc4 Re4 48. Qb3 Qe2 49. a3 bxa3 50. Qxa3 Be5 51. Qb3 Qg4 52. c3 h5 53.
Qc2 Qg6 54. Rd8 Rg4 55. Re1 Qxc2+ 56. Kxc2 Bg3 57. Rh1 Kg6 58. b4 Be5 59. Rd3
h4 60. Kb3 Ne4 61. Re3 Bf6 62. Rd1 Kf5 63. c4 Kf4 64. Red3 Rg3 65. Rf1+ Ke5 66.
Rxg3 hxg3 67. Re1 Kf4 68. c5 Bd4 69. Kc4 Bf2 0-1

[Event "4. Open Municipio de Sanxenxo"]
[Site "Sanxenxo ESP"]
[Date "2007.06.22"]
[Round "7.9"]
[White "Orfali, Marcelo-Rafael"]
[Black "Garcia Castro, Pablo"]
[Result "1-0"]
[WhiteElo "2001"]
[BlackElo "2379"]
[PlyCount "81"]
[EventDate "2007.06.16"]
[EventType "swiss"]
[EventRounds "9"]
[EventCountry "ESP"]
[Source "lmi"]
[SourceDate "2007.06.16"]

1. e4 e5 2. Nf3 d6 3. d4 exd4 4. Nxd4 Nf6 5. Nc3 Be7 6. Bd3 O-O 7. O-O c6 8. h3
Re8 9. Be3 Bf8 10. f4 Nbd7 11. Qf3 a5 12. g4 Nc5 13. e5 Nxd3 14. cxd3 dxe5 15.
fxe5 Rxe5 16. Ne4 c5 17. Nc2 Be6 18. Nxf6+ gxf6 19. d4 Rd5 20. Rad1 c4 21. Ne1
f5 22. Ng2 fxg4 23. hxg4 Bd6 24. Bf2 Qg5 25. Ne3 Qh6 26. Bg3 Bxg3 27. Qxg3 Rg5
28. Qf4 Qg6 29. Kf2 Bxg4 30. Rg1 h5 31. d5 f6 32. Rd4 Bd7 33. Rdd1 Re8 34. d6
Re4 35. Qf3 Kh7 36. Nd5 f5 37. Qc3 Re6 38. Nf4 Rxg1 39. Rxg1 Qf6 40. Nxe6 Qh4+
41. Kf1 1-0

[Event "4. Open Municipio de Sanxenxo"]
[Site "Sanxenxo ESP"]
[Date "2007.06.23"]
[Round "8.1"]
[White "Graf, Alexander"]
[Black "Gashimov, Vugar"]
[Result "1/2-1/2"]
[WhiteElo "2620"]
[BlackElo "2644"]
[PlyCount "48"]
[EventDate "2007.06.16"]
[EventType "swiss"]
[EventRounds "9"]
[EventCountry "ESP"]
[Source "lmi"]
[SourceDate "2007.06.16"]

1. d4 Nf6 2. c4 e6 3. Nc3 Bb4 4. e3 O-O 5. Bd3 d5 6. Nf3 c5 7. O-O dxc4 8. Bxc4
Nbd7 9. Qe2 cxd4 10. exd4 Nb6 11. Bb3 Bd7 12. Bg5 Be7 13. Ne5 Nfd5 14. Nxd5
Bxg5 15. Nxb6 axb6 16. d5 exd5 17. Bxd5 Qe7 18. Rfe1 Be6 19. Bxe6 Qxe6 20. Nf3
Qxe2 21. Rxe2 Bf6 22. a3 Rfe8 23. Rc2 Rad8 24. Kf1 Rd3 1/2-1/2

[Event "4. Open Municipio de Sanxenxo"]
[Site "Sanxenxo ESP"]
[Date "2007.06.23"]
[Round "8.2"]
[White "Vonthron, Horst"]
[Black "Giorgadze, Giorgi"]
[Result "1/2-1/2"]
[WhiteElo "2305"]
[BlackElo "2610"]
[PlyCount "147"]
[EventDate "2007.06.16"]
[EventType "swiss"]
[EventRounds "9"]
[EventCountry "ESP"]
[Source "lmi"]
[SourceDate "2007.06.16"]

1. e4 e5 2. Nf3 Nc6 3. Bc4 Nf6 4. d3 h6 5. c3 d6 6. Nbd2 g6 7. O-O Bg7 8. Re1
O-O 9. Bb3 Na5 10. Bc2 c5 11. d4 Nc6 12. dxc5 dxc5 13. Nc4 Qxd1 14. Bxd1 Rd8
15. Bc2 Nh5 16. Be3 Be6 17. Na3 b6 18. Bb3 Nf4 19. Bxe6 Nxe6 20. Red1 f5 21.
Kf1 f4 22. Bd2 a6 23. Nc4 b5 24. Nb6 Rab8 25. Nd5 c4 26. Ne1 Nc5 27. f3 a5 28.
Nc2 Bf8 29. Be1 Ne7 30. Nxe7+ Bxe7 31. Rxd8+ Rxd8 32. Ke2 Kf7 33. Rb1 Ke6 34.
b3 cxb3 35. axb3 Nb7 36. b4 axb4 37. cxb4 Ra8 38. Ra1 Rxa1 39. Nxa1 Nd8 40. Nc2
Kd7 41. Bc3 Bd6 42. Ne1 Nc6 43. Nc2 g5 44. Kd3 Ne7 45. Ke2 h5 46. Be1 Ng6 47.
h3 Nf8 48. Kd3 Kc6 49. Ke2 Be7 50. Bc3 Nd7 51. Kd3 Bd6 52. Ke2 Nf6 53. Be1 Bc7
54. Bc3 g4 55. hxg4 hxg4 56. Ne1 g3 57. Nd3 Nd7 58. Bb2 Kd6 59. Bc3 Ke6 60. Kd2
Nb6 61. Ke2 Nc4 62. Bd2 Bb6 63. Bc1 Bd4 64. Bd2 Kd6 65. Nc1 Ke6 66. Nd3 Nd6 67.
Ne1 Nb7 68. Nd3 Nd8 69. Ne1 Nc6 70. Nc2 Bb2 71. Kd3 Ne7 72. Ke2 Ng6 73. Kf1 Nh4
74. Be1 1/2-1/2

[Event "4. Open Municipio de Sanxenxo"]
[Site "Sanxenxo ESP"]
[Date "2007.06.23"]
[Round "8.3"]
[White "Malakhatko, Vadim"]
[Black "Lariño Nieto, David"]
[Result "1-0"]
[WhiteElo "2598"]
[BlackElo "2404"]
[PlyCount "53"]
[EventDate "2007.06.16"]
[EventType "swiss"]
[EventRounds "9"]
[EventCountry "ESP"]
[Source "lmi"]
[SourceDate "2007.06.16"]

1. d4 e6 2. c4 d5 3. Nf3 c5 4. cxd5 exd5 5. g3 Nc6 6. Bg2 Nf6 7. O-O Be7 8. Nc3
O-O 9. dxc5 Bxc5 10. Na4 Be7 11. b3 Rb8 12. Bf4 Ra8 13. Ne5 Ba3 14. Nxc6 bxc6
15. Qc2 Qe7 16. Qxc6 Bd7 17. Qa6 Ne4 18. Rfd1 Rfe8 19. Rxd5 Bxa4 20. bxa4 Bb2
21. Rb1 Bf6 22. Rb7 Qa3 23. Bxe4 Rxe4 24. Rxa7 Rae8 25. Qd3 Qb4 26. e3 Qb6 27.
Qxe4 1-0

[Event "4. Open Municipio de Sanxenxo"]
[Site "Sanxenxo ESP"]
[Date "2007.06.23"]
[Round "8.4"]
[White "De La Villa Garcia, Jesus M"]
[Black "Wippermann, Till"]
[Result "1/2-1/2"]
[WhiteElo "2457"]
[BlackElo "2422"]
[PlyCount "40"]
[EventDate "2007.06.16"]
[EventType "swiss"]
[EventRounds "9"]
[EventCountry "ESP"]
[Source "lmi"]
[SourceDate "2007.06.16"]

1. e4 c5 2. Nf3 Nc6 3. d4 cxd4 4. Nxd4 g6 5. c4 Bg7 6. Be3 Nf6 7. Nc3 O-O 8.
Be2 d6 9. Nc2 Be6 10. f3 Nd7 11. Qd2 Qa5 12. Nd5 Qxd2+ 13. Kxd2 Rfc8 14. Rab1
a5 15. b3 Bxd5 16. exd5 Nb4 17. a4 Nc5 18. Nd4 e6 19. dxe6 Nxe6 20. Nxe6 fxe6
1/2-1/2

[Event "4. Open Municipio de Sanxenxo"]
[Site "Sanxenxo ESP"]
[Date "2007.06.23"]
[Round "8.5"]
[White "Wintzer, Joachim"]
[Black "Reinaldo Castineira, Roi"]
[Result "0-1"]
[WhiteElo "2351"]
[BlackElo "2452"]
[PlyCount "93"]
[EventDate "2007.06.16"]
[EventType "swiss"]
[EventRounds "9"]
[EventCountry "ESP"]
[Source "lmi"]
[SourceDate "2007.06.16"]

1. d4 e6 2. Nf3 c5 3. e3 Nf6 4. Bd3 b6 5. O-O Bb7 6. c4 Be7 7. Nc3 O-O 8. d5
exd5 9. cxd5 d6 10. e4 Ba6 11. h3 b5 12. a3 Re8 13. b4 Nbd7 14. Re1 Bf8 15. Be3
Rc8 16. Rc1 g6 17. Qd2 Bg7 18. Bh6 Bh8 19. Bxb5 cxb4 20. axb4 Rxc3 21. Bxa6
Nxe4 22. Qa2 Rxc1 23. Rxc1 Qb8 24. Qa5 Nb6 25. Bb5 Re7 26. Bc6 Nc3 27. Re1
Rxe1+ 28. Nxe1 Ne2+ 29. Kf1 Nd4 30. Qa6 Nf5 31. Bd2 Ne7 32. Qb5 Bf6 33. Nf3 Kg7
34. Bf4 Nf5 35. Qd3 Nc8 36. g4 Nfe7 37. g5 Ba1 38. Qa3 Be5 39. Nxe5 dxe5 40.
Qc3 f6 41. gxf6+ Kxf6 42. Be3 Nd6 43. Bc5 Nxc6 44. Qf3+ Nf5 45. dxc6 a5 46. Qd5
axb4 47. Qd7 0-1

[Event "4. Open Municipio de Sanxenxo"]
[Site "Sanxenxo ESP"]
[Date "2007.06.23"]
[Round "8.6"]
[White "Caselas Cabanas, Jacobo"]
[Black "Orfali, Marcelo-Rafael"]
[Result "1-0"]
[WhiteElo "2423"]
[BlackElo "2001"]
[PlyCount "73"]
[EventDate "2007.06.16"]
[EventType "swiss"]
[EventRounds "9"]
[EventCountry "ESP"]
[Source "lmi"]
[SourceDate "2007.06.16"]

1. d4 Nf6 2. Bg5 d5 3. e3 c6 4. Bd3 Bg4 5. Ne2 Bh5 6. Bxf6 gxf6 7. O-O e5 8. c4
e4 9. Bc2 Qb6 10. cxd5 f5 11. Nbc3 Rg8 12. Qd2 Qd8 13. Ng3 Qg5 14. dxc6 Nxc6
15. Ba4 Bd6 16. Rac1 Rd8 17. Nb5 Bb8 18. Rc5 Bg4 19. Nc3 Rg6 20. Bd1 Rh6 21.
Bxg4 Qxg4 22. f4 exf3 23. gxf3 Qh4 24. f4 Rdd6 25. Rxf5 Rdg6 26. Nce4 Ne7 27.
Rg5 f5 28. Rxg6 Rxg6 29. Ng5 Bc7 30. Qg2 h6 31. Nf3 Qf6 32. Ne5 Rg8 33. Qxb7
Qd6 34. Rc1 Bd8 35. Qf3 Rg7 36. Kh1 Qe6 37. b3 1-0

[Event "4. Open Municipio de Sanxenxo"]
[Site "Sanxenxo ESP"]
[Date "2007.06.23"]
[Round "8.7"]
[White "Rodriguez, Lopez Rafael"]
[Black "Perez Fungueiro, Manuel A"]
[Result "1/2-1/2"]
[WhiteElo "2271"]
[BlackElo "2226"]
[PlyCount "66"]
[EventDate "2007.06.16"]
[EventType "swiss"]
[EventRounds "9"]
[EventCountry "ESP"]
[Source "lmi"]
[SourceDate "2007.06.16"]

1. Nf3 c5 2. g3 g6 3. Bg2 Bg7 4. d4 cxd4 5. Nxd4 Nc6 6. Nxc6 bxc6 7. O-O Rb8 8.
Nd2 h5 9. h3 Qc7 10. Rb1 Nf6 11. c4 O-O 12. b3 d5 13. Bb2 Bf5 14. Rc1 Qd7 15.
Kh2 Rfd8 16. Nf3 Be4 17. Qd2 Qb7 18. Rfd1 Qa6 19. Ba1 Qa3 20. Kg1 Rbc8 21. cxd5
cxd5 22. Bd4 Bxf3 23. Bxf3 Rxc1 24. Qxc1 Qxa2 25. Qc7 Re8 26. Rd3 a6 27. Kg2 e6
28. Qc6 e5 29. Re3 Re6 30. Qa8+ Re8 31. Qc6 Re6 32. Qa8+ Re8 33. Qc6 Re6
1/2-1/2

[Event "4. Open Municipio de Sanxenxo"]
[Site "Sanxenxo ESP"]
[Date "2007.06.23"]
[Round "8.9"]
[White "Recuero Guerra, David"]
[Black "Del Barrio Gomez, Jesus M"]
[Result "1/2-1/2"]
[WhiteElo "2372"]
[BlackElo "2228"]
[PlyCount "47"]
[EventDate "2007.06.16"]
[EventType "swiss"]
[EventRounds "9"]
[EventCountry "ESP"]
[Source "lmi"]
[SourceDate "2007.06.16"]

1. e4 g6 2. d4 Bg7 3. Nf3 d6 4. Bc4 Nf6 5. Qe2 O-O 6. e5 Ne8 7. h4 c5 8. dxc5
Nc6 9. h5 d5 10. Bb5 Bg4 11. Bxc6 bxc6 12. Bf4 Qd7 13. Qe3 Bxf3 14. gxf3 d4 15.
Qe4 Nc7 16. Nd2 Ne6 17. Nb3 f5 18. exf6 Rxf6 19. Bd2 Ng5 20. Bxg5 Re6 21. O-O-O
Rxe4 22. fxe4 e5 23. hxg6 hxg6 24. Nd2 1/2-1/2

[Event "4. Open Municipio de Sanxenxo"]
[Site "Sanxenxo ESP"]
[Date "2007.06.23"]
[Round "8.10"]
[White "Alvarez Fernandez, Enrique"]
[Black "Aguera Naredo, Javier"]
[Result "1/2-1/2"]
[WhiteElo "2301"]
[BlackElo "2365"]
[PlyCount "79"]
[EventDate "2007.06.16"]
[EventType "swiss"]
[EventRounds "9"]
[EventCountry "ESP"]
[Source "lmi"]
[SourceDate "2007.06.16"]

1. d4 Nf6 2. Nf3 c5 3. c3 Qc7 4. Bg5 Ne4 5. e3 Nxg5 6. Nxg5 h6 7. Ne4 cxd4 8.
exd4 e6 9. Bd3 d5 10. Ng3 Bd6 11. O-O O-O 12. Nd2 Nc6 13. Nf3 Bd7 14. Re1 Rfe8
15. Qe2 e5 16. dxe5 Nxe5 17. Nxe5 Bxe5 18. Qd2 Bf4 19. Qc2 Re5 20. Rxe5 Qxe5
21. Qe2 Qg5 22. Re1 g6 23. Qf1 Qh4 24. Bb5 Be6 25. Qd3 Qf6 26. Ne2 Be5 27. Nd4
a6 28. Ba4 Bxd4 29. Qxd4 Qxd4 30. cxd4 Rc8 31. Bb3 b5 32. f3 a5 33. Re2 Rc1+
34. Kf2 Rb1 35. Rd2 Kf8 36. a3 Ke7 37. Bd1 Kd6 38. Be2 Bd7 39. Bd3 Ra1 40. Ke3
1/2-1/2